Education status in Bihar: Current gaps and future requirements (Record no. 95358)

000 -LEADER
fixed length control field 00489pab a2200181 454500
008 - FIXED-LENGTH DATA ELEMENTS--GENERAL INFORMATION
fixed length control field 180718b2011 xxu||||| |||| 00| 0 eng d
100 ## - MAIN ENTRY--PERSONAL NAME
Personal name Patnaik, B.N.
245 ## - TITLE STATEMENT
Title Education status in Bihar: Current gaps and future requirements
260 ## - PUBLICATION, DISTRIBUTION, ETC.
Date of publication, distribution, etc. 2011
300 ## - PHYSICAL DESCRIPTION
Extent p.125-160.
362 ## - DATES OF PUBLICATION AND/OR SEQUENTIAL DESIGNATION
Dates of publication and/or sequential designation Jul-Dec
650 ## - SUBJECT ADDED ENTRY--TOPICAL TERM
Topical term or geographic name entry element Education - India - Bihar
650 ## - SUBJECT ADDED ENTRY--TOPICAL TERM
Topical term or geographic name entry element Education
700 ## - ADDED ENTRY--PERSONAL NAME
Personal name Deshpande, Nilesh V.
773 ## - HOST ITEM ENTRY
Main entry heading Journal of Social and Economic Studies
908 ## - PUT COMMAND PARAMETER (RLIN)
Put command parameter N
909 ## -
-- 95358
Holdings
Withdrawn status Lost status Damaged status Not for loan Permanent Location Current Location Date acquired Serial Enumeration / chronology Barcode Date last seen Price effective from Koha item type
        Indian Institute of Public Administration Indian Institute of Public Administration 2018-07-19 Volume no: 21, Issue no: 2 AR95818 2018-07-19 2018-07-19 Articles

Powered by Koha